| 000 | 00978cam a2200169ua 4500 | ||
|---|---|---|---|
| 003 | OSt | ||
| 008 | 220128b ||||| |||| 00| 0 eng d | ||
| 020 | _a9788185749181 | ||
| 082 |
_a532 _bKUM/FL |
||
| 100 |
_aKumar, D.S . _91449 |
||
| 245 | _aFluid Mechanics and Fluid Power Engineering / | ||
| 250 | _a6 th / | ||
| 260 |
_aNew Delhi : _bS.K Katria & Sons , _c2007. |
||
| 300 | _a ; . | ||
| 505 | _aIntroduction • Physical Properties of Fluids • Fluid Statics • Fluid Kinematics • Fluid Dynamics (Momentum and Energy Principles) • Dimensional Analysis and Model Similitude • Potential Flow • Laminar Viscous Flow • Turbulence and Turbulent Flow through Pipes • Laminar and Turbulent Boundary Layer Flows • Flow around Immersed Bodies: Drag and Lift • Flow in Open Channels • Compressible Flow • Fluid Measurements • Impact of Free Jets • Hydraulic Turbines • Hydraulic Pumps • Hydraulic Systems • Bibliography • Index. | ||
| 942 | _cBK | ||
| 999 |
_c12909 _d12909 |
||